[Event "WYCC U18 Girls 2019"]
[Site "Mumbai"]
[Date "2019.10.12"]
[Round "11.7"]
[White "Muetsch, Annmarie"]
[Black "Hng, Mei-En Emmanuelle"]
[Result "1-0"]
[WhiteElo "2266"]
[BlackElo "2002"]
[Annotator "ChessBase"]
[PlyCount "114"]
[EventDate "2019.10.02"]
[EventType "swiss"]
[EventCountry "IND"]
[SourceTitle "playchess.com"]
[Source "ChessBase"]
[SourceQuality "1"]
[TimeControl "40/5400+30:1800+30"]

1. e4 {[%emt 0:00:00]} c5 {[%emt 0:00:00]} 2. Nf3 {[%emt 0:00:00]} e6 {[%emt 0:00:00]} 3. d4 {[%emt 0:00:00]} cxd4 {[%emt 0:00:06]} 4. Nxd4 {[%emt 0:00:00]} a6 {[%emt 0:00:10]} 5. c4 {[%emt 0:00:00]} Nf6 {[%emt 0:00:28]} 6. Nc3 {[%emt 0:00:06]} Bb4 {[%emt 0:00:26]} 7. Qd3 {[%emt 0:00:07]} d6 {[%emt 0:04:34]} 8. Nc2 {[%emt 0:00:13]} Nc6 {[%emt 0:03:04]} 9. Nxb4 {[%emt 0:03:01]} Nxb4 {[%emt 0:00:07]} 10. Qd1 {[%emt 0:01:58]} d5 {[%emt 0:13:13]} 11. a3 {[%emt 0:15:51]} d4 {[%emt 0:04:33]} 12. axb4 {[%emt 0:00:06]} dxc3 {[%emt 0:00:05]} 13. Qxd8+ {[%emt 0:03:01]} Kxd8 {[%emt 0:00:03]} 14. f3 {[%emt 0:02:48]} cxb2 {[%emt 0:07:45]} 15. Bxb2 {[%emt 0:00:06]} Bd7 {[%emt 0:00:15]} 16. g4 {[%emt 0:04:18]} h5 {[%emt 0:06:45]} 17. g5 {[%emt 0:01:19]} Ne8 {[%emt 0:02:53]} 18. h4 {[%emt 0:00:49]} f6 {[%emt 0:03:15]} 19. Rg1 {[%emt 0:03:52]} Ke7 {[%emt 0:01:12]} 20. Kf2 {[%emt 0:02:28]} e5 {[%emt 0:04:54]} 21. c5 {[%emt 0:10:04]} Rd8 {[%emt 0:05:12]} 22. Ke3 {[%emt 0:07:28]} Kf7 {[%emt 0:08:26]} 23. Rd1 {[%emt 0:11:36]} Nc7 {[%emt 0:00:38]} 24. Rd6 {[%emt 0:02:39]} Bb5 {[%emt 0:05:47]} 25. gxf6 {[%emt 0:08:27]} gxf6 {[%emt 0:00:33]} 26. Rb6 {[%emt 0:02:57]} Rd7 {[%emt 0:07:04]} 27. Rxb7 {[%emt 0:13:29]} Bxf1 {[%emt 0:00:09]} 28. Rxf1 {[%emt 0:01:42]} Nd5+ {[%emt 0:00:11]} 29. exd5 {[%emt 0:00:05]} Rxb7 {[%emt 0:00:03]} 30. Bc3 {[%emt 0:00:18]} a5 {[%emt 0:02:58]} 31. f4 {[%emt 0:02:31]} axb4 {[%emt 0:01:23]} 32. Bb2 {[%emt 0:00:06]} Rb5 {[%emt 0:03:04]} 33. fxe5 {[%emt 0:00:13]} Rxc5 {[%emt 0:00:06]} 34. e6+ {[%emt 0:01:02]} Ke8 {[%emt 0:00:10]} 35. Bxf6 {[%emt 0:00:29]} Rxd5 {[%emt 0:04:53]} 36. Bxh8 {[%emt 0:00:23]} Ke7 {[%emt 0:00:05]} 37. Rb1 {[%emt 0:01:44]} Rb5 {[%emt 0:00:36]} 38. Kd3 {[%emt 0:00:54]} Kxe6 {[%emt 0:00:21]} 39. Bd4 {[%emt 0:00:12]} Kf5 {[%emt 0:02:18]} 40. Be3 {[%emt 0:00:29]} Kg4 {[%emt 0:02:25]} 41. Bg5 {[%emt 0:30:47]} b3 {[%emt 0:34:47]} 42. Rg1+ {[%emt 0:00:00]} Kf3 {[%emt 0:00:00]} 43. Kc4 {[%emt 0:00:00]} Rb8 {[%emt 0:00:00]} 44. Rb1 {[%emt 0:00:00]} b2 {[%emt 0:00:00]} 45. Kc3 {[%emt 0:00:00]} Rc8+ {[%emt 0:00:00]} 46. Kxb2 {[%emt 0:00:00]} Kg4 {[%emt 0:00:00]} 47. Rc1 {[%emt 0:00:00]} Rb8+ {[%emt 0:00:00]} 48. Kc2 {[%emt 0:00:00]} Ra8 {[%emt 0:00:00]} 49. Kd3 {[%emt 0:00:00]} Ra6 {[%emt 0:00:00]} 50. Rc4+ {[%emt 0:00:00]} Kh3 {[%emt 0:00:00]} 51. Ke4 {[%emt 0:00:00]} Ra5 {[%emt 0:00:00]} 52. Kf4 {[%emt 0:00:00]} Rb5 {[%emt 0:00:00]} 53. Rc3+ {[%emt 0:00:00]} Kg2 {[%emt 0:00:00]} 54. Re3 {[%emt 0:00:00]} Ra5 {[%emt 0:00:00]} 55. Re5 {[%emt 0:00:00]} Ra4+ {[%emt 0:00:00]} 56. Kf5 {[%emt 0:00:00]} Kh3 {[%emt 0:00:00]} 57. Re3+ {[%emt 0:00:00]} Kg2 {[%emt 0:00:00] Ke4} 1-0

[Event "WYCC U18 Girls 2019"]
[Site "Mumbai"]
[Date "2019.10.12"]
[Round "11.8"]
[White "Harshini A"]
[Black "Makhija, Aashna"]
[Result "0-1"]
[WhiteElo "2230"]
[BlackElo "2084"]
[Annotator "ChessBase"]
[PlyCount "76"]
[EventDate "2019.10.02"]
[EventType "swiss"]
[EventCountry "IND"]
[SourceTitle "playchess.com"]
[Source "ChessBase"]
[SourceQuality "1"]
[TimeControl "40/5400+30:1800+30"]

1. e4 {[%emt 0:00:00]} e5 {[%emt 0:00:00]} 2. Nf3 {[%emt 0:00:00]} Nc6 {[%emt 0:00:00]} 3. Bb5 {[%emt 0:00:00]} a6 {[%emt 0:00:10]} 4. Ba4 {[%emt 0:00:00]} Nf6 {[%emt 0:00:08]} 5. O-O {[%emt 0:00:00]} Be7 {[%emt 0:00:18]} 6. Re1 {[%emt 0:00:00]} b5 {[%emt 0:00:16]} 7. Bb3 {[%emt 0:00:05]} d6 {[%emt 0:00:17]} 8. c3 {[%emt 0:00:06]} O-O {[%emt 0:00:17]} 9. d4 {[%emt 0:00:04]} Bg4 {[%emt 0:00:17]} 10. d5 {[%emt 0:00:06]} Na5 {[%emt 0:00:31]} 11. Bc2 {[%emt 0:00:04]} Qc8 {[%emt 0:00:24]} 12. h3 {[%emt 0:00:06]} Bd7 {[%emt 0:00:27]} 13. Nbd2 {[%emt 0:00:19]} c6 {[%emt 0:00:33]} 14. dxc6 {[%emt 0:00:20]} Qxc6 {[%emt 0:00:19]} 15. Nf1 {[%emt 0:00:10]} Rfc8 {[%emt 0:00:34]} 16. Ne3 {[%emt 0:00:59]} Nc4 {[%emt 0:00:30]} 17. Nf5 {[%emt 0:22:04]} Bxf5 {[%emt 0:00:55]} 18. exf5 {[%emt 0:04:06]} h6 {[%emt 0:00:32]} 19. a4 {[%emt 0:05:25]} Bd8 {[%emt 0:02:14]} 20. Qe2 {[%emt 0:05:17]} Bc7 {[%emt 0:04:06]} 21. Bd3 {[%emt 0:03:00]} d5 {[%emt 0:16:59]} 22. b3 {[%emt 0:05:31]} e4 {[%emt 0:15:25]} 23. bxc4 {[%emt 0:17:41]} exd3 {[%emt 0:06:26]} 24. cxb5 {[%emt 0:05:38]} Qxc3 {[%emt 0:11:38]} 25. Qb2 {[%emt 0:03:40]} Ba5 {[%emt 0:05:42]} 26. Rd1 {[%emt 0:01:09]} Ne4 {[%emt 0:16:40]} 27. Qb1 {[%emt 0:12:12]} Bb6 {[%emt 0:06:56]} 28. Be3 {[%emt 0:08:33]} Bxe3 {[%emt 0:02:33]} 29. fxe3 {[%emt 0:00:02]} d2 {[%emt 0:00:38]} 30. Kh2 {[%emt 0:03:03]} Qxe3 {[%emt 0:01:38]} 31. Qb2 {[%emt 0:00:56]} Qf4+ {[%emt 0:04:41]} 32. Kg1 {[%emt 0:00:07]} Qe3+ {[%emt 0:00:43]} 33. Kh2 {[%emt 0:00:06]} Rc3 {[%emt 0:00:23]} 34. Rf1 {[%emt 0:05:08]} Qf4+ {[%emt 0:00:59]} 35. Kg1 {[%emt 0:00:11]} Qe3+ {[%emt 0:00:27]} 36. Kh2 {[%emt 0:00:02]} Qe2 {[%emt 0:02:14]} 37. Rad1 {[%emt 0:00:51]} Rxf3 {[%emt 0:00:40]} 38. Rxf3 {[%emt 0:00:35]} Qxd1 {[%emt 0:00:04]} 0-1

[Event "WYCC U18 Girls 2019"]
[Site "Mumbai"]
[Date "2019.10.12"]
[Round "11.9"]
[White "Pandey Srishti"]
[Black "Shpanko, Nadiia"]
[Result "0-1"]
[WhiteElo "1963"]
[BlackElo "2213"]
[Annotator "ChessBase"]
[PlyCount "96"]
[EventDate "2019.10.02"]
[EventType "swiss"]
[EventCountry "IND"]
[SourceTitle "playchess.com"]
[Source "ChessBase"]
[SourceQuality "1"]
[TimeControl "40/5400+30:1800+30"]

1. d4 Nf6 2. Bg5 d5 3. e3 Bf5 4. Nf3 Nbd7 5. Be2 h6 6. Bh4 e6 7. Ne5 Nxe5 8. dxe5 g5 9. Bg3 Ne4 10. Nd2 Nxg3 11. hxg3 c6 12. Nb3 Bg7 13. f4 Qb6 14. Qd2 Bxc2 15. Qxc2 Qxe3 16. Qd3 gxf4 17. Qxe3 fxe3 18. Rh5 Ke7 19. Bf3 f6 20. exf6+ Bxf6 21. Ke2 b6 22. Rb1 e5 23. Kxe3 e4 24. Be2 Bg5+ 25. Kf2 Rhf8+ 26. Ke1 c5 27. Ba6 Ke6 28. Nd2 Rab8 29. a4 c4 30. Bxc4 dxc4 31. Nxe4 Rf5 32. Nxg5+ hxg5 33. Kd2 Kd5 34. Kc3 Re8 35. Kb4 Re3 36. Rd1+ Rd3 37. Rhh1 Kd4 38. b3 a5+ 39. Ka3 Rf2 40. g4 Rxg2 41. Rhe1 Rxg4 42. Rh1 Rgg3 43. Ka2 cxb3+ 44. Ka3 b2+ 45. Ka2 Rxd1 46. Rxd1+ Kc3 47. Kb1 Rg4 48. Rf1 Rd4 0-1

[Event "WYCC U18 Girls 2019"]
[Site "Mumbai"]
[Date "2019.10.12"]
[Round "11.10"]
[White "Sliwicka, Alicja"]
[Black "Azali, Tannaz"]
[Result "1-0"]
[WhiteElo "2307"]
[BlackElo "2022"]
[Annotator "ChessBase"]
[PlyCount "49"]
[EventDate "2019.10.02"]
[EventType "swiss"]
[EventCountry "IND"]
[SourceTitle "playchess.com"]
[Source "ChessBase"]
[SourceQuality "1"]
[TimeControl "40/5400+30:1800+30"]

1. e4 {[%emt 0:00:00]} c5 {[%emt 0:00:00]} 2. Nf3 {[%emt 0:00:00]} e6 {[%emt 0:00:00]} 3. d4 {[%emt 0:00:00]} cxd4 {[%emt 0:00:02]} 4. Nxd4 {[%emt 0:00:00]} Nc6 {[%emt 0:00:06]} 5. Nc3 {[%emt 0:00:01]} Qc7 {[%emt 0:00:13]} 6. Nb3 {[%emt 0:00:07]} a6 {[%emt 0:03:49]} 7. Bd3 {[%emt 0:00:21]} Nf6 {[%emt 0:00:48]} 8. O-O {[%emt 0:00:17]} Be7 {[%emt 0:01:23]} 9. f4 {[%emt 0:00:19]} d6 {[%emt 0:00:41]} 10. Qf3 {[%emt 0:00:13]} O-O {[%emt 0:01:40]} 11. Bd2 {[%emt 0:00:10]} b6 {[%emt 0:12:17]} 12. Rae1 {[%emt 0:01:06]} Bb7 {[%emt 0:00:30]} 13. Qh3 {[%emt 0:00:13]} g6 {[%emt 0:05:21]} 14. f5 {[%emt 0:00:55]} exf5 {[%emt 0:08:20]} 15. exf5 {[%emt 0:00:15]} Ne5 {[%emt 0:03:42]} 16. Bg5 {[%emt 0:02:12]} Qc6 {[%emt 0:21:41]} 17. Ne4 {[%emt 0:07:08]} Ned7 {[%emt 0:12:01]} 18. Nd4 {[%emt 0:32:24]} Qa4 {[%emt 0:05:21]} 19. c3 {[%emt 0:02:57]} Qxa2 {[%emt 0:06:49]} 20. b3 {[%emt 0:07:03]} Bxe4 {[%emt 0:04:25]} 21. Bxe4 {[%emt 0:00:31]} d5 {[%emt 0:02:08]} 22. fxg6 {[%emt 0:09:55]} hxg6 {[%emt 0:02:48]} 23. Bxg6 {[%emt 0:03:14]} fxg6 {[%emt 0:01:57]} 24. Rxe7 {[%emt 0:00:39]} Rae8 {[%emt 0:02:49]} 25. Qe6+ {[%emt 0:00:21] Nb8} 1-0

[Event "WYCC U18 Girls 2019"]
[Site "Mumbai"]
[Date "2019.10.12"]
[Round "11.11"]
[White "Khachatryan, Anna"]
[Black "Cervantes Landeiro, Thalia"]
[Result "0-1"]
[WhiteElo "2044"]
[BlackElo "2176"]
[Annotator "ChessBase"]
[PlyCount "62"]
[EventDate "2019.10.02"]
[EventType "swiss"]
[EventCountry "IND"]
[SourceTitle "playchess.com"]
[Source "ChessBase"]
[SourceQuality "1"]
[TimeControl "40/5400+30:1800+30"]

1. d4 {[%emt 0:00:02]} d5 {[%emt 0:00:00]} 2. Bf4 {[%emt 0:00:28]} Nf6 {[%emt 0:00:00]} 3. e3 {[%emt 0:00:14]} g6 {[%emt 0:00:00]} 4. Nc3 {[%emt 0:01:25]} Bg7 {[%emt 0:00:11]} 5. h4 {[%emt 0:00:06]} a6 {[%emt 0:04:54]} 6. Be2 {[%emt 0:13:16]} c5 {[%emt 0:02:06]} 7. h5 {[%emt 0:03:40]} gxh5 {[%emt 0:04:25]} 8. Bxb8 {[%emt 0:28:47]} Rxb8 {[%emt 0:01:03]} 9. Bxh5 {[%emt 0:01:15]} cxd4 {[%emt 0:03:10]} 10. exd4 {[%emt 0:00:13]} Bf5 {[%emt 0:05:25]} 11. Qd2 {[%emt 0:04:32]} e6 {[%emt 0:03:27]} 12. Nf3 {[%emt 0:05:32]} Nxh5 {[%emt 0:07:07]} 13. Rxh5 {[%emt 0:00:05]} Bg6 {[%emt 0:02:29]} 14. Rh3 {[%emt 0:00:16]} Rc8 {[%emt 0:19:46]} 15. Nh4 {[%emt 0:03:41]} Rc4 {[%emt 0:04:13]} 16. Nxg6 {[%emt 0:15:25]} hxg6 {[%emt 0:04:21]} 17. Ne2 {[%emt 0:06:44]} Rxh3 {[%emt 0:01:42]} 18. gxh3 {[%emt 0:00:03]} Qh4 {[%emt 0:03:37]} 19. c3 {[%emt 0:03:26]} Qxh3 {[%emt 0:04:37]} 20. O-O-O {[%emt 0:01:03]} Bh6 {[%emt 0:01:27]} 21. f4 {[%emt 0:00:05]} Qf3 {[%emt 0:02:48]} 22. Kb1 {[%emt 0:01:03]} Kd7 {[%emt 0:01:31]} 23. Rg1 {[%emt 0:04:16]} Rc8 {[%emt 0:02:35]} 24. Rg3 {[%emt 0:01:52]} Qe4+ {[%emt 0:00:55]} 25. Kc1 {[%emt 0:00:33]} Rh8 {[%emt 0:01:46]} 26. b3 {[%emt 0:03:46]} Bf8 {[%emt 0:02:03]} 27. b4 {[%emt 0:00:51]} Bd6 {[%emt 0:05:42]} 28. Re3 {[%emt 0:00:45]} Rh1+ {[%emt 0:00:41]} 29. Kb2 {[%emt 0:00:07]} Qb1+ {[%emt 0:01:52]} 30. Ka3 {[%emt 0:00:03]} a5 {[%emt 0:00:52]} 31. Qd3 {[%emt 0:01:23]} axb4+ {[%emt 0:00:22]} 0-1

[Event "WYCC U18 Girls 2019"]
[Site "Mumbai"]
[Date "2019.10.12"]
[Round "11.12"]
[White "Priyanka, Kumari"]
[Black "Laurincova, Kristyna"]
[Result "1-0"]
[WhiteElo "1921"]
[BlackElo "2006"]
[Annotator "NA"]
[PlyCount "103"]
[EventDate "2019.10.02"]
[EventType "swiss"]
[EventCountry "IND"]
[SourceTitle "playchess.com"]
[Source "ChessBase"]
[SourceQuality "1"]
[TimeControl "40/5400+30:1800+30"]

1. e4 c5 2. Nf3 Nc6 3. d4 cxd4 4. Nxd4 g6 5. Nc3 Bg7 6. Be3 Nf6 7. Bc4 O-O 8. Bb3 d6 9. h3 Na5 10. O-O b6 11. Re1 Bb7 12. Bg5 Nxb3 13. axb3 Re8 14. Bxf6 Bxf6 15. Nd5 a6 16. c3 Bg7 17. Nf3 e6 18. Nf4 Qc7 19. Qd2 Rad8 20. Qe3 Qc6 21. Nd3 a5 22. Ra4 e5 23. Rc4 Qb5 24. Rc7 Qa6 25. b4 Rc8 26. b5 Qa7 27. Rd7 Red8 28. Rxd8+ Rxd8 29. c4 Bc8 30. Nd2 Be6 31. b3 f5 32. Nb2 fxe4 33. Na4 d5 34. Qxb6 Qxb6 35. Nxb6 Rb8 36. cxd5 Rxb6 37. dxe6 Rxb5 38. Rc1 Rb8 39. Nxe4 Re8 40. Rc6 h6 41. Kf1 Kf8 42. Ke2 Bh8 43. Nc5 Ke7 44. Kd3 Bf6 45. Kc4 Bg5 46. Ra6 Bd2 47. Ra7+ Kf8 48. Kd5 Bc3 49. Rf7+ Kg8 50. Ne4 Rd8+ 51. Kc6 Rc8+ 52. Kb7 1-0

[Event "WYCC U18 Girls 2019"]
[Site "Mumbai"]
[Date "2019.10.12"]
[Round "11.13"]
[White "Jyothsna L"]
[Black "Nilssen, Ellen Fredericia"]
[Result "1-0"]
[WhiteElo "1995"]
[BlackElo "2137"]
[Annotator "ChessBase"]
[PlyCount "61"]
[EventDate "2019.10.02"]
[EventType "swiss"]
[EventCountry "IND"]
[SourceTitle "playchess.com"]
[Source "ChessBase"]
[SourceQuality "1"]
[TimeControl "40/5400+30:1800+30"]

1. d4 {[%emt 0:00:52]} Nf6 {[%emt 0:00:00]} 2. Nf3 {[%emt 0:00:05]} g6 {[%emt 0:00:00]} 3. Bf4 {[%emt 0:00:09]} Bg7 {[%emt 0:00:00]} 4. e3 {[%emt 0:00:07]} O-O {[%emt 0:00:00]} 5. Be2 {[%emt 0:00:10]} d6 {[%emt 0:00:04]} 6. O-O {[%emt 0:00:22]} b6 {[%emt 0:00:05]} 7. h3 {[%emt 0:00:26]} Bb7 {[%emt 0:00:06]} 8. c4 {[%emt 0:00:18]} Nbd7 {[%emt 0:00:05]} 9. Nc3 {[%emt 0:00:25]} Ne4 {[%emt 0:03:11]} 10. Nxe4 {[%emt 0:00:34]} Bxe4 {[%emt 0:00:07]} 11. Nd2 {[%emt 0:00:31]} Bb7 {[%emt 0:00:21]} 12. Bf3 {[%emt 0:00:06]} Bxf3 {[%emt 0:00:03]} 13. Nxf3 {[%emt 0:00:45]} c5 {[%emt 0:03:50]} 14. Qd2 {[%emt 0:04:41]} Qc8 {[%emt 0:12:32]} 15. b3 {[%emt 0:14:31]} a6 {[%emt 0:06:24]} 16. Rac1 {[%emt 0:03:43]} Qb7 {[%emt 0:00:24]} 17. Rfd1 {[%emt 0:01:46]} b5 {[%emt 0:05:51]} 18. dxc5 {[%emt 0:18:55]} Nxc5 {[%emt 0:00:12]} 19. Qd5 {[%emt 0:17:44]} Qxd5 {[%emt 0:02:31]} 20. cxd5 {[%emt 0:03:41]} b4 {[%emt 0:10:11]} 21. Rc4 {[%emt 0:01:46]} Bc3 {[%emt 0:06:15]} 22. e4 {[%emt 0:07:41]} f6 {[%emt 0:04:39]} 23. Bd2 {[%emt 0:06:12]} Bxd2 {[%emt 0:01:03]} 24. Rxd2 {[%emt 0:00:22]} a5 {[%emt 0:00:13]} 25. Re2 {[%emt 0:01:14]} Rfb8 {[%emt 0:17:39]} 26. Nd4 {[%emt 0:00:39]} Rb7 {[%emt 0:03:09]} 27. Nc6 {[%emt 0:00:48]} Kf7 {[%emt 0:02:33]} 28. f4 {[%emt 0:03:30]} Nd3 {[%emt 0:01:01]} 29. g3 {[%emt 0:04:49]} a4 {[%emt 0:02:54]} 30. bxa4 {[%emt 0:00:38]} Rxa4 {[%emt 0:00:22]} 31. Nd8+ {[%emt 0:00:12]} 1-0

[Event "WYCC U18 Girls 2019"]
[Site "Mumbai"]
[Date "2019.10.12"]
[Round "11.14"]
[White "Tarini Goyal"]
[Black "Sowa, Wiktoria"]
[Result "1/2-1/2"]
[WhiteElo "2128"]
[BlackElo "2016"]
[Annotator "ChessBase"]
[PlyCount "129"]
[EventDate "2019.10.02"]
[EventType "swiss"]
[EventCountry "IND"]
[SourceTitle "playchess.com"]
[Source "ChessBase"]
[SourceQuality "1"]
[TimeControl "40/5400+30:1800+30"]

1. d4 Nf6 2. c4 g6 3. g3 Bg7 4. Bg2 d5 5. cxd5 Nxd5 6. Nf3 Nb6 7. Nc3 Nc6 8. e3 O-O 9. O-O Re8 10. Nh4 Bd7 11. f4 e6 12. Ne4 Nd5 13. Nf3 Rc8 14. Nc5 b6 15. Nxd7 Qxd7 16. Bd2 f6 17. Rc1 Nd8 18. Bh3 Nf7 19. e4 Ne7 20. Qb3 f5 21. Bc3 Nd6 22. Ng5 Nc6 23. d5 Nd4 24. Bxd4 Bxd4+ 25. Kh1 e5 26. fxe5 Bxe5 27. exf5 Nxf5 28. d6+ Kg7 29. g4 Nxd6 30. Rcd1 Re7 31. Nf3 Rce8 32. Nxe5 Rxe5 33. Qc3 Kg8 34. Bg2 Qg7 35. Bc6 R8e7 36. Bd5+ Kh8 37. Bg2 h6 38. Bd5 Kh7 39. b3 Re3 40. Qxg7+ Kxg7 41. Rf2 Ne4 42. Bxe4 R3xe4 43. h3 Re2 44. Rdf1 c5 45. Kg2 b5 46. Rc1 Rxf2+ 47. Kxf2 Re5 48. Rd1 Kf6 49. h4 Re6 50. Kf3 c4 51. bxc4 bxc4 52. Rc1 Rc6 53. Ke4 Ke6 54. Rc3 g5 55. hxg5 hxg5 56. a4 a6 57. Kd4 Rd6+ 58. Kxc4 Rc6+ 59. Kd4 Rxc3 60. Kxc3 Ke5 61. Kb4 Kf4 62. Ka5 Kxg4 63. Kxa6 Kf3 64. Kb7 g4 65. a5 1/2-1/2